00300 a2200121 4500020001800000082001100018100002000029245003800049260003400087300001100121650002600132700002000158 a9780141185538 a813.52 aSteinbeck, John aThe moon is downc John Steinbeck aNew YorkbPenguin Groupc2000 a112 p. aWorld War (1939-1945) a John Steinbeck